[Event "EU Union-ch U10 20th"]
[Site "Mureck"]
[Date "2023.08.06"]
[Round "6"]
[White "Wu, Chenshan"]
[Black "Frydel, Helena"]
[Result "1-0"]
[WhiteElo "1674"]
[BlackElo "1199"]
[PlyCount "69"]
[EventDate "2023.08.02"]
[EventType "swiss"]
[EventRounds "9"]
[EventCountry "AUT"]
[SourceTitle "EXT 2024"]
[Source "ChessBase"]
[SourceDate "2023.10.10"]
[SourceVersion "1"]
[SourceVersionDate "2023.10.10"]
[SourceQuality "1"]

1. d4 d5 2. c4 c6 3. Nf3 Nf6 4. Nc3 dxc4 5. a4 Bd7 6. e3 b5 7. axb5 cxb5 8. Ne5 e6 9. Qf3 b4 10. Nd1 Nc6 11. Nxc6 Qc7 12. Ne5 Rc8 13. Nxc4 Bc6 14. Qg3 Qd7 15. Ne5 Qc7 16. Nxc6 Qxc6 17. Bd3 Bd6 18. Qf3 Qc7 19. h3 0-0 20. 0-0 a5 21. Bd2 Ra8 22. b3 Rfc8 23. Nb2 Qd8 24. Nc4 Be7 25. Rfc1 Nd5 26. Ne5 f6 27. Nc6 Qc7 28. Nxe7+ Qxe7 29. Rxc8+ Rxc8 30. Rxa5 Qd8 31. Ra7 Qb6 32. Bxh7+ Kxh7 33. Qh5+ Kg8 34. Qf7+ Kh8 35. Qxg7# 1-0

[Event "GER-ch U10 Girls"]
[Site "Willingen"]
[Date "2023.05.31"]
[Round "7"]
[White "Trush, Diana"]
[Black "Frydel, Helena"]
[Result "0-1"]
[WhiteElo "1002"]
[BlackElo "1161"]
[PlyCount "106"]
[EventDate "2023.05.27"]
[EventType "swiss"]
[EventRounds "11"]
[EventCountry "GER"]
[SourceTitle "CBM 214 Extra"]
[Source "ChessBase"]
[SourceDate "2023.07.31"]
[SourceVersion "1"]
[SourceVersionDate "2023.07.31"]
[SourceQuality "1"]

1. f4 d5 2. Nf3 Bf5 3. b3 e6 4. Bb2 Nf6 5. e3 Be7 6. Be2 0-0 7. 0-0 c5 8. d3 Nc6 9. a3 Rc8 10. Nbd2 a5 11. Qe1 b5 12. Qg3 h6 13. e4 Nh5 14. Qf2 Bh7 15. Ng5 hxg5 16. fxg5 Bg6 17. g4 Bxg5 18. gxh5 Bxd2 19. hxg6 fxg6 20. Qg3 Qg5 21. exd5 exd5 22. Bg4 Rxf1+ 23. Rxf1 Rd8 24. Be6+ Kh8 25. Rf7 d4 26. Kf1 Qxg3 27. hxg3 Ne5 28. Re7 Rf8+ 29. Ke2 Be3 30. c3 Rf2+ 31. Kd1 Rxb2 32. Re8+ Kh7 33. Bg8+ Kh8 34. Bf7+ Kh7 35. Rxe5 Rd2+ 36. Ke1 Rxd3 37. Ke2 Rxc3 38. Kf3 Bc1+ 39. Kg4 Bxa3 40. Kg5 Rxg3+ 41. Kf4 Rg1 42. Re2 Rf1+ 43. Kg4 Rxf7 44. Kg5 Bc1+ 45. Kg4 d3 46. Rh2+ Kg8 47. Rh1 d2 48. Rg1 Rd7 49. Rd1 Re7 50. Kg5 Re1 51. Rxe1 dxe1Q+ 52. Kxg6 Qe5 53. b4 Qg5# 0-1

[Event "EU Union-ch U10"]
[Site "Pec pod Snezkou"]
[Date "2022.08.29"]
[Round "8"]
[White "Zrust, Lukas"]
[Black "Frydel, Helena"]
[Result "1-0"]
[WhiteElo "1344"]
[BlackElo "1103"]
[PlyCount "131"]
[EventDate "2022.08.22"]
[EventType "swiss"]
[EventRounds "9"]
[EventCountry "CZE"]
[SourceTitle "EXT 2023"]
[Source "ChessBase"]
[SourceDate "2022.10.05"]
[SourceVersion "1"]
[SourceVersionDate "2022.10.05"]
[SourceQuality "1"]

1. c4 d5 2. cxd5 c6 3. Nc3 cxd5 4. d4 Bf5 5. Bf4 e6 6. Nf3 Bb4 7. Qa4+ Nc6 8. Ne5 Bxc3+ 9. bxc3 Nge7 10. e3 f6 11. Nxc6 Nxc6 12. Be2 0-0 13. 0-0 Qe8 14. Qb3 b6 15. Rac1 Qg6 16. Kh1 Bd3 17. Bxd3 Qxd3 18. Qc2 Qxc2 19. Rxc2 e5 20. dxe5 fxe5 21. Bg3 Rf6 22. a3 d4 23. cxd4 exd4 24. exd4 Nxd4 25. Rc4 Nc6 26. Rfc1 Rc8 27. h3 Kf7 28. Kg1 Ke8 29. Re4+ Kd7 30. Rd1+ Nd4 31. Rdxd4+ Kc6 32. Rc4+ Kb7 33. Re7+ Ka6 34. Rxc8 Rg6 35. Rcc7 Kb5 36. Rxg7 Re6 37. Rxh7 a6 38. Rh4 Re1+ 39. Kh2 Ra1 40. Rh6 Rxa3 41. Rb7 a5 42. Rbxb6+ Kc4 43. Rh4+ Kc3 44. Be5+ Kc2 45. Rc4+ Kd2 46. Rb2+ Kd3 47. Rc3+ Rxc3 48. Bxc3 Kxc3 49. Ra2 Kb4 50. h4 a4 51. h5 Kb3 52. Rxa4 Kxa4 53. h6 Ka3 54. h7 Kb4 55. h8Q Kc4 56. Qd8 Kc5 57. Kg3 Kc6 58. Kf4 Kc5 59. Ke5 Kc6 60. Qc8+ Kb5 61. Kd5 Kb4 62. Qc4+ Ka3 63. Qb5 Ka2 64. Kc4 Ka1 65. Kc3 Ka2 66. Qb2# 1-0

[Event "EU Union-ch U10"]
[Site "Pec pod Snezkou"]
[Date "2022.08.25"]
[Round "4"]
[White "Novotny, Adam1111"]
[Black "Frydel, Helena"]
[Result "1-0"]
[WhiteElo "1113"]
[BlackElo "1103"]
[PlyCount "87"]
[EventDate "2022.08.22"]
[EventType "swiss"]
[EventRounds "9"]
[EventCountry "CZE"]
[SourceTitle "EXT 2023"]
[Source "ChessBase"]
[SourceDate "2022.10.05"]
[SourceVersion "1"]
[SourceVersionDate "2022.10.05"]
[SourceQuality "1"]

1. e4 e5 2. Nf3 Nf6 3. Nxe5 d6 4. Nf3 Nxe4 5. Nc3 Nxc3 6. dxc3 Be7 7. Be3 0-0 8. Qd2 Be6 9. 0-0-0 c5 10. Be2 a6 11. h4 b5 12. h5 Bxa2 13. b3 c4 14. Kb2 cxb3 15. cxb3 Qa5 16. Ra1 b4 17. Rxa2 Qc7 18. cxb4 Bf6+ 19. Bd4 Be7 20. Qc3 Qd8 21. Bxg7 Re8 22. Kb1 Nd7 23. h6 Rc8 24. Qd4 Qc7 25. Bh8 f6 26. Bg7 Qb7 27. Bc4+ Rxc4 28. Qxc4+ d5 29. Qg4 Kf7 30. Qh5+ Ke6 31. Re1+ Kd6 32. Qxe8 d4 33. Qxe7+ Kc7 34. Rc2+ Kb6 35. Qd6+ Ka7 36. Rc7 Ka8 37. Re8+ Nb8 38. Rxb8+ Kxb8 39. Rxb7+ Kxb7 40. Nxd4 Ka7 41. Qc7+ Ka8 42. Qd7 a5 43. Nc6 axb4 44. Qa7# 1-0

[Event "EU Union-ch U10"]
[Site "Pec pod Snezkou"]
[Date "2022.08.24"]
[Round "3"]
[White "Frydel, Helena"]
[Black "Prochazka, Michal"]
[Result "1-0"]
[WhiteElo "1103"]
[BlackElo "1318"]
[PlyCount "119"]
[EventDate "2022.08.22"]
[EventType "swiss"]
[EventRounds "9"]
[EventCountry "CZE"]
[SourceTitle "EXT 2023"]
[Source "ChessBase"]
[SourceDate "2022.10.05"]
[SourceVersion "1"]
[SourceVersionDate "2022.10.05"]
[SourceQuality "1"]

1. e4 e5 2. Nf3 Nc6 3. Nc3 Nf6 4. d4 exd4 5. Nxd4 Nxe4 6. Nxe4 Qe7 7. Nxc6 Qxe4+ 8. Qe2 Qxe2+ 9. Bxe2 dxc6 10. 0-0 Bd6 11. Be3 0-0 12. Rad1 Bf5 13. Bd3 Bxd3 14. Rxd3 Rad8 15. Rfd1 b6 16. Bf4 Rfe8 17. Kf1 Re6 18. b4 g6 19. c4 c5 20. a3 Kg7 21. g3 Kf6 22. g4 g5 23. Bg3 Ke7 24. h4 h6 25. f4 Rg8 26. f5 Rf6 27. Bxd6+ cxd6 28. h5 Rc8 29. b5 Ra8 30. Rd5 a6 31. a4 axb5 32. axb5 Ra4 33. Rc1 Ra3 34. Kf2 Ra2+ 35. Kf3 Ra3+ 36. Kf2 Ra2+ 37. Kf1 Ra3 38. Re1+ Kd7 39. Re4 Ra1+ 40. Ke2 Ra2+ 41. Kd1 Ra1+ 42. Kc2 Ra2+ 43. Kb3 Rh2 44. Re1 Rh4 45. Rg1 Rh3+ 46. Kc2 Rh2+ 47. Kd1 Rh4 48. Rg2 Rh1+ 49. Kc2 Ra1 50. Kb2 Ra5 51. Rc2 Kc7 52. Rc1 Kd7 53. Kb3 Kc7 54. Rcd1 Kd7 55. Re1 Kd8 56. Rd2 d5 57. Rxd5+ Kc7 58. Re7+ Kc8 59. Rdd7 Ra1 60. Rc7+ 1-0

[Event "EU Union-ch U10 19th"]
[Site "Mureck"]
[Date "2022.08.07"]
[Round "5"]
[White "Atlas, Daniel"]
[Black "Frydel, Helena"]
[Result "0-1"]
[WhiteElo "1357"]
[BlackElo "1103"]
[PlyCount "100"]
[EventDate "2022.08.03"]
[EventType "swiss"]
[EventRounds "9"]
[EventCountry "AUT"]
[SourceTitle "EXT 2023"]
[Source "ChessBase"]
[SourceDate "2022.10.05"]
[SourceVersion "1"]
[SourceVersionDate "2022.10.05"]
[SourceQuality "1"]

1. e4 e5 2. Bc4 Nf6 3. d3 Nc6 4. Nf3 d5 5. Bb3 dxe4 6. Ng5 Be6 7. Bxe6 fxe6 8. Nxe4 Nxe4 9. dxe4 Qxd1+ 10. Kxd1 0-0-0+ 11. Ke1 Nb4 12. Bg5 Rd7 13. Na3 Bc5 14. Ke2 Rf8 15. f3 h6 16. Be3 Bxe3 17. Kxe3 Rfd8 18. Rhg1 Rd2 19. f4 exf4+ 20. Kxf4 a6 21. Kg3 Nxc2 22. Nxc2 Rxc2 23. Rgd1 Rcd2 24. Rxd2 Rxd2 25. b3 Kd7 26. Rf1 Ke7 27. a3 Rd3+ 28. Rf3 Rxf3+ 29. gxf3 Kf6 30. f4 g5 31. h4 gxh4+ 32. Kxh4 Kg6 33. Kg4 b6 34. f5+ exf5+ 35. exf5+ Kf6 36. Kh5 Kxf5 37. Kxh6 Ke4 38. Kg6 Kd3 39. Kf6 Kc3 40. Ke6 Kxb3 41. Kd7 Kxa3 42. Kxc7 a5 43. Kxb6 a4 44. Kc5 Kb3 45. Kd4 a3 46. Kd3 a2 47. Ke4 a1Q 48. Kd5 Qc3 49. Ke6 Qd4 50. Kf5 Qe3 0-1

[Event "Agneaux St Lo op"]
[Site "Agneaux"]
[Date "2022.07.12"]
[Round "5"]
[White "Frydel, Helena"]
[Black "Bosquet, Charles"]
[Result "0-1"]
[WhiteElo "1141"]
[BlackElo "1213"]
[PlyCount "140"]
[EventDate "2022.07.09"]
[EventType "swiss"]
[EventRounds "9"]
[EventCountry "FRA"]
[SourceTitle "EXT 2023"]
[Source "ChessBase"]
[SourceDate "2022.10.05"]
[SourceVersion "1"]
[SourceVersionDate "2022.10.05"]
[SourceQuality "1"]

1. e4 d5 2. exd5 Nf6 3. Nc3 Nxd5 4. Bc4 Nb6 5. Be2 Nc6 6. Nf3 e5 7. 0-0 Bd6 8. Bb5 Bd7 9. Bxc6 Bxc6 10. d4 f6 11. Re1 0-0 12. Be3 e4 13. Nd2 f5 14. f3 f4 15. Bf2 e3 16. Qe2 exf2+ 17. Qxf2 Re8 18. Rad1 Rxe1+ 19. Rxe1 Qf8 20. Qe2 Re8 21. Qf2 Rxe1+ 22. Qxe1 Qf6 23. Nb3 Bb4 24. a3 Bxc3 25. Qxc3 Qe7 26. Nc5 Nd5 27. Qd2 Qe3+ 28. Qxe3 fxe3 29. Kf1 Bb5+ 30. Ke1 e2 31. b3 Ba6 32. Nxa6 bxa6 33. Kxe2 Nf4+ 34. Kf2 Kf7 35. g3 Nd5 36. Ke2 Ke6 37. Kd3 Nf6 38. Kc4 Nd5 39. Kd3 Nb6 40. c4 Nd7 41. Ke4 c6 42. d5+ cxd5+ 43. cxd5+ Kd6 44. Kd4 Nf6 45. Kd3 Kxd5 46. Ke3 Nd7 47. Kd3 g6 48. h3 h6 49. h4 h5 50. f4 Nc5+ 51. Kc3 Ne4+ 52. Kd3 Nxg3 53. Ke3 Nf5+ 54. Kd3 Nxh4 55. Ke3 Ng2+ 56. Kd3 Nxf4+ 57. Ke3 g5 58. Kf3 Kd4 59. Kg3 Kc3 60. b4 Kb3 61. Kf3 Kxa3 62. Kg3 Kxb4 63. Kf3 a5 64. Kg3 a4 65. Kf3 a3 66. Kg3 a2 67. Kf3 a1Q 68. Kg3 Qe1+ 69. Kf3 Qe2+ 70. Kg3 Qg2# 0-1

[Event "GER-ch U10 Girls"]
[Site "Willingen"]
[Date "2022.06.09"]
[Round "8"]
[White "Frydel, Helena"]
[Black "Berger, Jennifer"]
[Result "0-1"]
[WhiteElo "1141"]
[BlackElo "1046"]
[PlyCount "144"]
[EventDate "2022.06.04"]
[EventType "swiss"]
[EventRounds "11"]
[EventCountry "GER"]
[SourceTitle "CBM 208 Extra"]
[Source "ChessBase"]
[SourceDate "2022.07.31"]
[SourceVersion "1"]
[SourceVersionDate "2022.07.31"]
[SourceQuality "1"]

1. e4 e5 2. d4 Nf6 3. Nc3 Nc6 4. d5 Nd4 5. Be3 Bc5 6. Nf3 Nxf3+ 7. Qxf3 Bb6 8. Bg5 d6 9. Bxf6 Qxf6 10. Qxf6 gxf6 11. Bb5+ Bd7 12. Bxd7+ Kxd7 13. Ke2 Rhg8 14. g3 c6 15. f3 Bd4 16. Kd3 c5 17. Rab1 b6 18. b3 Rac8 19. Nb5 a5 20. Nxd4 cxd4 21. Rbc1 Rc3+ 22. Kd2 Ke7 23. a4 Rxf3 24. Rcf1 Rc3 25. Rf2 Rgc8 26. Rc1 Rg8 27. Rcf1 Rg6 28. Rf3 Rxf3 29. Rxf3 Rg8 30. c4 Rc8 31. Rf5 Rg8 32. Rh5 Rg4 33. Kd3 Rg7 34. Rf5 Rg6 35. Rf2 h5 36. Rb2 Kd7 37. b4 axb4 38. Rxb4 Kc7 39. Rb2 Rg4 40. Ra2 h4 41. Rg2 hxg3 42. hxg3 Kb7 43. Re2 Rxg3+ 44. Kd2 Rf3 45. Kd1 d3 46. Rb2 Ka6 47. Kd2 Rf2+ 48. Kc3 Rxb2 49. Kxb2 d2 50. Kc2 d1Q+ 51. Kxd1 Ka5 52. Kc2 Kb4 53. Kd3 Kxa4 54. Kc3 Ka3 55. Kc2 Kb4 56. Kd3 Kb3 57. Kd2 Kxc4 58. Ke3 Kc3 59. Ke2 Kc2 60. Ke3 b5 61. Ke2 b4 62. Ke1 b3 63. Ke2 b2 64. Ke3 b1Q 65. Ke2 Qd1+ 66. Ke3 Qd3+ 67. Kf2 Kd2 68. Kg1 Qf3 69. Kh2 Qg4 70. Kh1 Ke2 71. Kh2 Kf2 72. Kh1 Qg2# 0-1